Don Juan Sedó Peris-Mencheta nos expone la ingente labor realizada por la Comisión de Educación, Deportes y Turismo
Descripción Física:
Il·lustracions
Colección:
San Jorge,
; núm. 8 (octubre 1952), pàg 53-54
Otros Autores:
Sedó i Peris-Mencheta, Joan, 1908-1966
Idioma:
Español
MARC
| LEADER | 00000naa a2200000 a 4500 | ||
|---|---|---|---|
| 003 | Arxiu | ||
| 005 | 20260324181032.0 | ||
| 008 | 160829s1952 spcaxx s spa c | ||
| 040 | |a agdb | ||
| 245 | 0 | 0 | |a Don Juan Sedó Peris-Mencheta nos expone la ingente labor realizada por la Comisión de Educación, Deportes y Turismo |
| 300 | |b Il·lustracions | ||
| 490 | |a San Jorge, |v núm. 8 (octubre 1952), pàg 53-54 | ||
| 610 | 1 | 0 | |a Barcelona (Catalunya : Província). |b Comissió d'Educació, Esports i Turisme |9 54633 |
| 700 | 1 | |9 23966 |a Sedó i Peris-Mencheta, Joan, |d 1908-1966 | |
| 773 | |g Núm. 8 (octubre 1952), pàg 53-54 |t San Jorge. | ||
| 901 | |a Arxiu | ||
| 942 | |n 1 |2 udc |c ART | ||
| 952 | |0 0 |1 0 |4 0 |7 1 |9 64281 |a Arxiu |b Arxiu |d 2022-11-22 |o Rev-508 |r 2022-11-22 00:00:00 |w 2022-11-22 |y ARXIU |z També disponible a Rev-521 | ||
| 999 | |c 47861 |d 47861 | ||